00410 a2200145 450000500170000002000180001710000140003524500740004925000110012326000380013430000480017270000160022094200130023699900150024920250611115832.0 a0-07-246750-9 aPATT, Y.N aIntroduction to Computing System: from Bits and Gates to C and Beyond a2nd Ed aNew YorkbHigher Education c2004 axxiii, 631p.:ill; Graph, TablebIndexc23cm aPATER, S. J 2ddccBKS c3752d3752